000 00863nam0a22002651 4500
001 rc\3666450
005 20130115150820.2
021 _aRU
_b[72-27503]
035 _a(NLR Aleph) 007839880
090 _a9797351
_c9797351
100 _a20130115d1972 |||y0rusy50 ca
101 0 _arus
102 _aRU
105 _ay z |||||
200 1 _aПрибыль и ее распределение и использование
210 _aПетрозаводск
_cКарелия
_d1972
215 _a76 с.
_d20
225 1 _aВ помощь изучающим экономику
606 _aПрибыль социалистического предприятия
_2psbo
700 1 _aКуртиш
_bМ. Ф.
_gМинна Файтелевна
801 0 _aRU
_bNLR
_gpsbo
801 1 _aRU
_bELAR
_2rusmarc
852 _aNLR
_j72-4/12591
942 _cBOOK
980 _aNB